| 000 | 00506cam a22002054a 4500 | ||
|---|---|---|---|
| 005 | 20250605164313.0 | ||
| 008 | 250528s ||||||||||||||||||||||||d | ||
| 035 | _a22568 | ||
| 020 | _a9780131847590 | ||
| 040 |
_aGR-AtMCL _bgre _dGR-AtMCL _eAACR2 |
||
| 245 | 1 | _aART NOTES TO ACCOMPANY A BASIC HISTORY OF ART | |
| 250 | _a6 | ||
| 260 |
_bPrentice Hall, _c2003 |
||
| 300 | _a695 | ||
| 700 | 1 |
_aJanson Anthony F _97793 |
|
| 700 | 1 |
_aJanson H.W _97794 |
|
| 942 | _cBK | ||
| 999 |
_c7616 _d7616 |
||